000 00496nam a2200181Ia 4500
001 24805
005 20260414151108.0
008 260414t2000||||xx |||||||||||||| ||spa||
041 _aESP
082 _a347.4
_bB81
100 _aBravo Melgar, Sidney Alex [1965-...]
_eAUT
245 0 _aEl contrato de franchising (franquicia) :
_bel éxito empresarial del nuevo milenio
260 _c2000
300 _a302 páginas :
_c21 cm.
650 _aDER
654 _aCDE
942 _cLIB
_dJUS
_fJUS
_2ddc
_n
999 _c24805
_d24805